Sports Quiz

Random Sports or Famous Quiz
Score 0/10 Timer 05:00
0 Plays Today
Hint Answer % Correct
GET IN THE HOLETiger Woods
85.4%
Most Successful Olympian Michael Phelps
62.8%
Surname Rhymes With ShadyTom Brady
52.4%
Black Cat Michael Jordan
37.8%
Little Magician Lionel Messi
33.5%
180Phil Taylor
31.7%
Lightning Usain Bolt
28%
All Black GreatRichie Mccaw
17.1%
Plays This Sport With Both HandsRonnie O'sullivan
11%
First Name Tony AP Mccoy
7.9%
Remove Ads.
Support Sporcle.
Get the best of Sporcle when you Go Orange. This ad-free experience offers more features, more stats, and more fun while also helping to support Sporcle. Thank you for becoming a member.

You're not logged in!

Compare scores with friends on all Sporcle quizzes.
OR
Log In

Show Comments

Extras

Created Dec 16, 2014ReportNominate
Tags:Famous Quiz, sportsmen

Top Quizzes Today


Score Distribution

Your Account Isn't Verified!

In order to create a playlist on Sporcle, you need to verify the email address you used during registration. Go to your Sporcle Settings to finish the process.

Report this User

Report this user for behavior that violates our Community Guidelines.

Details: